[Event "Brasilia Terraviva op"]
[Site "Brasilia"]
[Date "2018.01.11"]
[Round "1"]
[White "Santos, Herton de Sousa"]
[Black "Moraes Silva, Carlos Alessandro"]
[Result "0-1"]
[WhiteElo "1811"]
[BlackElo "1896"]
[PlyCount "94"]
[EventDate "2018.01.11"]
[EventType "swiss"]
[EventRounds "7"]
[EventCountry "BRA"]
[SourceTitle "CBM 182 Extra"]
[Source "ChessBase"]
[SourceDate "2018.02.23"]
[SourceVersion "1"]
[SourceVersionDate "2018.02.23"]
[SourceQuality "1"]

1. e4 e5 2. Nf3 Nc6 3. d4 exd4 4. Nxd4 Bc5 5. Nxc6 bxc6 6. Bd3 Ne7 7. 0-0 Ng6 8. Qf3 0-0 9. Be3 Bb6 10. Nc3 Bb7 11. Rfe1 d5 12. Bxb6 axb6 13. exd5 cxd5 14. h3 Qg5 15. Ne2 Ne5 16. Qf5 Qxf5 17. Bxf5 g6 18. Bd3 Nxd3 19. cxd3 Rfe8 20. Nd4 c5 21. Rxe8+ Rxe8 22. Nb5 Bc6 23. Na3 Re2 24. b3 Rd2 25. Kf1 Rxd3 26. Ke2 Rd4 27. f3 Rf4 28. Nc2 Rf6 29. Re1 Re6+ 30. Kf2 Rxe1 31. Kxe1 f5 32. f4 Kf7 33. Kf2 d4 34. g3 Ke6 35. b4 Be4 36. Na3 cxb4 37. Nc4 b5 38. Nd2 Kd5 39. h4 h5 40. Ke2 Kc5 41. Kf2 Bd5 42. Nb3+ Kc4 43. Ke2 Kc3 44. Nc1 d3+ 45. Ke3 Bc4 46. Nb3 Bxb3 47. axb3 d2 0-1